000 01016nam a2200265Ia 4500
003 OSt
005 20221005105726.0
006 a|||||r|||| 00| 0
007 ta
008 221004b |||||||| |||| 00| 0 hin d
020 _a9788174533456 (hbk)
_c995
024 _a21819
037 _b287, 11/03/2015, Eastern Book Linkers
_cTextual
040 _aCRL
_cCRL
_bhin
041 _2hin
_ahin
082 _aDelta:864.41, 152Q4
100 _aबहोरे, रवीन्द्र नाथ
245 0 _aचीनी ज्योतिष और आप
246 _aChīnī jyotiṣh aur āpa
260 _aनई दिल्ली
_bसंजय प्रकाशन भारत
_c2014
300 _a321पृ0
_ccm.
650 _aआध्यात्मिक अनुभव और रहस्यवाद
942 _hDelta:864.41, 152Q4
_cTEXL
_2cc
999 _c1016715
_d1016715